[Event "Balatonfured zt (Women)"]
[Site "Balatonfured"]
[Date "1987.??.??"]
[Round "?"]
[White "Wiese Jozwiak, Malgorzata"]
[Black "Muresan, Margareta"]
[Result "1/2-1/2"]
[WhiteElo "2290"]
[BlackElo "2310"]
[PlyCount "33"]
[EventDate "1987.??.??"]
[EventType "tourn"]
[EventRounds "17"]
[EventCountry "HUN"]
[EventCategory "1"]
[SourceTitle "EXT 1997"]
[Source "ChessBase"]
[SourceDate "1996.11.15"]
[SourceVersion "1"]
[SourceVersionDate "1996.11.15"]
[SourceQuality "1"]

1. e4 c6 2. d4 d5 3. Nd2 dxe4 4. Nxe4 Nd7 5. Bc4 Ngf6 6. Ng5 e6 7. Qe2 Nb6 8. Bd3 h6 9. N5f3 c5 10. dxc5 Bxc5 11. Ne5 Nbd7 12. Ngf3 Qc7 13. 0-0 Nxe5 14. Nxe5 Bd6 15. Re1 0-0 16. h3 b6 17. Ng4 1/2-1/2

[Event "POL-chT 43rd"]
[Site "Jachranka"]
[Date "1987.??.??"]
[Round "5"]
[White "Wiese Jozwiak, Malgorzata"]
[Black "Szmacinska, Grazyna"]
[Result "1/2-1/2"]
[WhiteElo "2260"]
[BlackElo "2250"]
[PlyCount "47"]
[EventDate "1987.09.23"]
[EventType "team-tourn"]
[EventRounds "11"]
[EventCountry "POL"]
[SourceTitle "EXT 2019"]
[Source "ChessBase"]
[SourceDate "2018.10.10"]
[SourceVersion "1"]
[SourceVersionDate "2018.10.10"]
[SourceQuality "1"]
[WhiteTeam "Bydgoszcz Chemik"]
[BlackTeam "Lodz Anilana"]
[WhiteTeamCountry "POL"]
[BlackTeamCountry "POL"]

1. e4 e5 2. Nf3 Nc6 3. Bb5 a6 4. Ba4 d6 5. d4 b5 6. Bb3 Nxd4 7. Nxd4 exd4 8. Bd5 Rb8 9. Bc6+ Bd7 10. Bxd7+ Qxd7 11. Qxd4 Nf6 12. 0-0 Be7 13. c4 0-0 14. Nc3 b4 15. Nd5 Nxd5 16. cxd5 c5 17. dxc6 Qxc6 18. Bf4 Bf6 19. Qxd6 Qxe4 20. Rfe1 Qb7 21. Re2 Rbe8 22. Rae1 Rxe2 23. Rxe2 h6 24. h3 1/2-1/2

[Event "Balatonfured zt (Women)"]
[Site "Balatonfured"]
[Date "1987.??.??"]
[Round "?"]
[White "Wiese Jozwiak, Malgorzata"]
[Black "Veroci, Zsuzsa"]
[Result "0-1"]
[WhiteElo "2290"]
[BlackElo "2415"]
[PlyCount "140"]
[EventDate "1987.??.??"]
[EventType "tourn"]
[EventRounds "17"]
[EventCountry "HUN"]
[EventCategory "1"]
[SourceTitle "EXT 1997"]
[Source "ChessBase"]
[SourceDate "1996.11.15"]
[SourceVersion "1"]
[SourceVersionDate "1996.11.15"]
[SourceQuality "1"]

1. e4 e5 2. Nf3 Nc6 3. d4 exd4 4. Nxd4 Bc5 5. Nb3 Bb6 6. Nc3 d6 7. Qe2 Nd4 8. Qd3 Nxb3 9. axb3 Nf6 10. Be2 0-0 11. 0-0 Bg4 12. Bxg4 Nxg4 13. Qg3 Ne5 14. Nd5 Ng6 15. Be3 Bxe3 16. Qxe3 a6 17. f4 f6 18. Rad1 Qd7 19. Rf3 Rae8 20. f5 Ne7 21. Qd4 Nc6 22. Qe3 Re5 23. Nf4 Rfe8 24. Qd3 Rxe4 25. Qd5+ Qf7 26. Ne6 Re5 27. Qc4 R5xe6 28. fxe6 Rxe6 29. Rc3 Re5 30. Qxf7+ Kxf7 31. Kf2 Re7 32. Re1 Ne5 33. h3 d5 34. b4 c6 35. Rce3 Rd7 36. Rxe5 fxe5 37. Rxe5 Re7 38. Rh5 Re4 39. c3 h6 40. Rf5+ Ke7 41. Rf3 b6 42. Rd3 Ke6 43. Rd1 a5 44. bxa5 bxa5 45. Ra1 a4 46. b3 axb3 47. Rb1 Ra4 48. Rxb3 Ra2+ 49. Kf3 Rc2 50. g3 Ke5 51. Kg4 g6 52. h4 Re2 53. Rb8 Re4+ 54. Kh3 Rc4 55. Re8+ Kf6 56. Rf8+ Ke7 57. Rf3 h5 58. Kg2 Ke6 59. Kf2 c5 60. Ke2 Re4+ 61. Kd2 Ke5 62. Rf8 Rg4 63. Rf3 Ra4 64. Rf8 Ra2+ 65. Kd3 Rg2 66. Re8+ Kf5 67. Rf8+ Kg4 68. Rd8 Rxg3+ 69. Kd2 Kxh4 70. Rxd5 Rg5 0-1

[Event "Olympiad Women-27"]
[Site "Dubai"]
[Date "1986.11.27"]
[Round "11"]
[White "Wiese Jozwiak, Malgorzata"]
[Black "Palao, Maricela"]
[Result "1/2-1/2"]
[WhiteElo "2225"]
[BlackElo "2030"]
[PlyCount "113"]
[EventDate "1986.11.15"]
[EventType "team-swiss"]
[EventRounds "14"]
[EventCountry "UAE"]
[SourceTitle "EXT 2019"]
[Source "ChessBase"]
[SourceDate "2018.10.10"]
[SourceVersion "1"]
[SourceVersionDate "2018.10.10"]
[SourceQuality "1"]
[WhiteTeam "Poland (W)"]
[BlackTeam "Cuba (W)"]
[WhiteTeamCountry "POL"]
[BlackTeamCountry "CUB"]

1. e4 c5 2. Nf3 d6 3. d4 cxd4 4. Nxd4 Nf6 5. Nc3 Nc6 6. Bg5 g6 7. Bxf6 exf6 8. Bb5 Bd7 9. 0-0 Bg7 10. Nb3 Be6 11. f4 f5 12. exf5 Bxf5 13. Re1+ Be6 14. Bc4 0-0 15. Bxe6 fxe6 16. Rxe6 Rxf4 17. Nd5 Rf5 18. Ne3 Re5 19. Rxe5 dxe5 20. Qf3 Qb6 21. c4 Rd8 22. Rf1 Nd4 23. Qf7+ Kh8 24. c5 Qb5 25. Qc7 Ne6 26. Qe7 Re8 27. Qf7 Ng5 28. Qc4 Qxc4 29. Nxc4 e4 30. Nd6 Re7 31. h4 Ne6 32. Nxe4 Nd4 33. Nf6 Nxb3 34. axb3 Rf7 35. Ne4 Bd4+ 36. Nf2 Bxc5 37. g3 Rf3 38. Kg2 Rxb3 39. Ne4 Rxb2+ 40. Kh3 Bd4 41. Ng5 Rf2 42. Rd1 Bf6 43. Ne4 Rf5 44. Rd7 a5 45. Rxb7 Bg7 46. Ng5 Kg8 47. Ne6 Bc3 48. Ra7 h6 49. Nf4 Rf7 50. Ra6 Kh7 51. Kg4 h5+ 52. Kh3 Be1 53. Nd3 Bc3 54. Nf4 Be1 55. Nd3 Bc3 56. Nf4 Be1 57. Nd3 1/2-1/2